000 00593nam a22001697a 4500
003 OSt
005 20260406152500.0
008 260406b |||||||| |||| 00| 0 eng d
040 _cMRSPTU
041 _aEnglish
100 _aPalakdeep Kaur, Supervisor: Dr. Uttam Kumar Mandal
245 _aDesign And Development of Microemulsion of Mycophenolate Mofetil For The Treatment of Psoriasis
260 _bDepartment of Pharmacy, MRSPTU, Bathinda
_c2019
650 _aPharmaceutical Sciences and Technology
856 _uhttp://163.47.215.52:8080/jspui/handle/123456789/150
942 _2ddc
_cTH
_n0
999 _c11300
_d11300